00482nam a2200193Ia 4500003000900000008004100009040001300050040001300063041000800076100001900084245007900103250001100182260001200193260000900205300001100214300001000225490000600235600004700241IT-RoPAU120407s9999 xx 000 0 und d aIT-RoPAU cIT-RoPAU aita aBasil Davidson aMadre nera. Africa nera e il commercio degli schiavi. Trad.di Laura Felici aTorino aEinaudi c1966 a334 p. c18 cm v1 a" 1. Africa - schiavitù. 2. Schiavitù"